000 00391nam a2200169Ia 4500
008 230524s9999 xx 000 0 und d
020 _a8187522410
082 _a4
_bPAT
100 _aR B Patel
245 0 _aExpert Data Structures with C
250 _a2ND
260 _aNEW DELHI
_bKhanna
_c2004
300 _a906
500 _aQuantity Number: 105
650 _aComp-Sc
942 _cBK
999 _c12511
_d12511